01009nac a22002891u 4500010001600000020005100016020002200067020001500089082002000104090001500124100003400139245007900173250004000252260004500292300003800337500002900375500002000404650002500424650001700449650003500466650001500501700002000516700002400536942002200560999001500582952012200597 a 90014359 a0893032263 (annotated instructor's ed. : pbk.) a0893037338 (pbk.) a089303191700a616.0252bB4967 c4157d4157 aBergeron, J. David, 10aFirst responder /cJ. David Bergeron ; Gloria Bizjak, contributing editor. a3rd ed., Annotated instructor's ed. aEnglewood Cliffs, N.J. :bBrady,cc1991. axxx, 513p. :bcol. ill. ;c28 cm. aAt head of title: Brady. aIncludes index. 0aMedical emergencies. 0aEmergencies. 0aEmergency Medical Technicians. 0aFirst Aid.1 aBizjak, Gloria.1 aWall, David M. [ed] cBBk616.0252B4967 c4157d4157 00104070aMAINbMAINc1STd2007-08-23ePurchasel1m2o616.0252 BERp000000259r2025-07-15 00:00:00s2016-12-17yBB